000 004100000a22001690004500
003 LK-CoMWRAF
008 230817t ||||| |||| 00| 0 eng d
040 _aLK-CoMWRAF
_dLK-CoMWRAF
_eLK-CoMWRAF
041 _aeng
082 _a800
_bSHY
100 _aShyamala
245 _aMagalir Nalamum Kulanthai Nalamum
_b
260 _aChennai
_bIlakkumi Nilaiyam
300 _ap.
650 _aliterature
942 _cBK
999 _c2732
_d2732